Statistics for Least Guessed Things On JetPunk #1

Click here to take the quiz!

General Stats

  • This quiz has been taken 12 times
  • The average score is 2 of 10

Answer Stats

Quiz%Answer% Correct
Countries Of Oceania71Nauru
73%
Countries That Start With U67United Arab Emirates
55%
Countries Bordering Russia63Norway
45%
Countries Of The World23São Tomé and Príncipe
36%
MLB Team67Kansas City Royals
9%
U.S States59Massachusetts
9%
African Capitals23Cotonou
0%
Australia Cities Map29Exmouth
0%
Element Of Periodic Table15Meitnerium
0%
Shakepeare's Plays17Timon of Athens
0%

Score Distribution

Percentile by Number Answered

Percent of People with Each Score

Your Score History

You have not taken this quiz